000 02369nam a22002777a 4500
999 _c58604
_d58604
003 Ge_BSU
005 20220613112524.0
008 220613s2019 ge ||||| |||| 00| 0 geo d
020 _a9789941183300
041 _ageo
080 _a94(479:430)+811.353.1'373.2 ქ-27
245 _aქართველთა კულტურული კვალი გერმანიაში = Georgian cultural traces in Germany :
_b[კრებული] /
_cნინო დობორჯგინიძე, ლევან ცაგარელი, ოლივერ რაისნერი, გიორგი ქავთარაძე ; სამეცნიერო რედაქტორი ნინო დობორჯგინიძე ; რედაქტორი რუსუდან კოტეტიშვილი.
264 _aთბილისი :
_b ილიას სახელმწ. უნივერსიტეტი,
_c 2019.
300 _a288 გვ. :
_b ილ. ;
_c21 სმ.
500 _aგარეკანზე ავტორები აღნიშნულნი არ არიან.
501 _aკრებულს ერთვის გერმანიაში დაცული ქართული ხელნაწერების ასლები. პროექტი განხორციელდა შოთა რუსთაველის ეროვნული სამეცნიერო ფონდის ფინანსური მხარდაჭერით.
504 _aბიბლიოგრაფია სტატიების ბოლოს და ტექსტის შენიშვნებში.
520 _aრეზიუმე ინგლისურ ენაზე.
653 _a ქართველები გერმანიაში.
700 _aდობორჯგინიძე, ნინო
_eავტორი
_92138
700 _aცაგარელი, ლევან
_eავტორი
_95657
700 _aრაისნერი, ოლივერ
_eავტორი
_95658
700 _aქავთარაძე, გიორგი
_eავტორი
_914058
700 _aკოტეტიშვილი, რუსუდან
_eრედაქტორი
_95659
942 _2udc
_cBK